[Event ""]
[Site "DM2013"]
[Round "1"]
[White "Rauf Murtuzov"]
[Black "Johan Sigeman"]
[Result "½-½"]
[Date "01.04.2013"]
[WhiteElo "1923"]
[BlackElo "2161"]
[Input "DGT932"]
[Board "game_1"]

1. e4 e5 2. Nf3 Nc6 3. d4 exd4 4. c3 d3 5. Bxd3 g6 6. Bg5 Be7 7. Bxe7 Qxe7 8.
O-O d6 9. Bb5 Bd7 10. Bxc6 Bxc6 11. Qd4 f6 12. Re1 Nh6 13. b4 Nf7 14. c4 Ne5
15. Nc3 Nxf3+ 16. gxf3 Qe5 17. Qxe5+ fxe5 18. b5 Bd7 19. Nd5 O-O-O 20. a4 c6
21. Nb4 Kc7 22. Rec1 Be6 23. bxc6 bxc6 24. Rab1 Bc8 25. Nd3 Rhf8 26. Kg2 c5 27.
Ne1 Be6 28. Rc3 Rb8 29. Rb5 a6 30. Rxb8 Rxb8 31. Nd3 g5 32. Kg3 Rb1 33. Kg2 Kb6
34. Rc2 Ka5 35. Nb2 Kb4 36. Rd2 Bxc4 37. Nxc4 Kxc4 38. Rxd6 Kc3 39. Rxa6 c4 40.
a5 Kc2 41. Ra8 c3 42. a6 Ra1 43. a7 h5 44. h4 gxh4 45. f4 exf4 46. e5 Ra6 47.
Kh3 Kc1 48. Kxh4 c2 49. Kxh5 Kd1 50. Rd8+ Ke1 51. Rc8 Kd2 52. e6 Rxa7 53. Rd8+
1/2-1/2

[Event ""]
[Site "DM2013"]
[Round "1"]
[White "Martin Rosenkilde Pedersen"]
[Black "Hans Endrup Jacobsen"]
[Result "½-½"]
[Date "01.04.2013"]
[WhiteElo "2173"]
[BlackElo "1930"]
[Input "DGT4472"]
[Board "game_2"]


1. e4 e6 2. d4 d5 3. e5 c5 4. c3 Nc6 5. Nf3 Bd7 6. a3 f6 7. Bd3 fxe5 8. Nxe5
Nxe5 9. dxe5 g6 10. O-O Bg7 11. Qe2 Qc7 12. Re1 Ne7 13. Bf4 O-O 14. Bg3 Bc6 15.
h3 Nf5 16. Bh2 a6 17. Nd2 b5 18. g4 Ne7 19. f4 Qb6 20. Qe3 1/2-1/2

[Event ""]
[Site "DM2013"]
[Round "1"]
[White "Benny Falck Damborg"]
[Black "Henrik Bolding Pedersen"]
[Result "0-1"]
[Date "01.04.2013"]
[WhiteElo "1959"]
[BlackElo "2136"]
[Input "DGT4208"]
[Board "game_3"]

1. e4 c5 2. Nf3 g6 3. d4 cxd4 4. Nxd4 Bg7 5. Be3 Nc6 6. Nc3 Nf6 7. f3 O-O 8.
Qd2 d5 9. exd5 Nxd5 10. Nxc6 bxc6 11. Nxd5 cxd5 12. O-O-O Rb8 13. c3 Be6 14.
Bd4 Qa5 15. a3 Bf5 16. Qf4 f6 17. Qe3 Qa4 18. Bd3 Qb3 19. Rd2 Bh6 20. Qxh6 Bxd3
21. Qe3 Bf5 22. Re1 Qa2 23. Kd1 Rxb2 24. Rxb2 Qxb2 25. Qc1 Qxg2 26. Rxe7 Qxf3+
27. Ke1 Qh1+ 28. Kd2 Qxh2+ 29. Ke1 Rb8 30. Bxf6 Rb1 31. Qxb1 Bxb1 32. Rb7 Bd3
0-1

[Event ""]
[Site "DM2013"]
[Round "1"]
[White "Peter Grau"]
[Black "Anders Christensen"]
[Result "½-½"]
[Date "01.04.2013"]
[WhiteElo "2074"]
[BlackElo "1962"]
[Input "DGT1186"]
[Board "game_4"]

1. e4 c5 2. Nf3 d6 3. Bb5+ Bd7 4. Bxd7+ Qxd7 5. c4 g6 6. d4 Bg7 7. Nc3 cxd4 8.
Nxd4 Nc6 9. Be3 Nf6 10. f3 O-O 11. Nde2 Rfd8 12. Qd2 b6 13. O-O Qb7 14. b3 Rd7
15. Rad1 Rad8 16. Qe1 e6 17. Bg5 h6 18. Bh4 Ne7 19. Nd4 Nc6 20. Nc2 g5 21. Bf2
d5 22. cxd5 exd5 23. exd5 Nxd5 24. Nxd5 Rxd5 25. Rxd5 Rxd5 26. Qe4 Qd7 27. Ne3
Re5 28. Qa4 Ra5 29. Qe4 Re5 30. Qc4 Rc5 31. Qe4 f5 32. Qa4 b5 33. Qa6 Nb4 34.
Qg6 Nd3 35. Rd1 Re5 36. Ng4 fxg4 37. Qxd3 Qxd3 38. Rxd3 gxf3 39. gxf3 Re2 40.
a4 bxa4 41. bxa4 Ra2 42. Rd8+ Kh7 43. Rd7 Rxa4 44. Bxa7 Kg6 1/2-1/2

[Event ""]
[Site "DM2013"]
[Round "1"]
[White "Thomas Find Kokfelt"]
[Black "Lars Nilsson"]
[Result "0-1"]
[Date "01.04.2013"]
[WhiteElo "1843"]
[BlackElo "2023"]
[Input "DGT1185"]
[Board "game_5"]

1. e4 c5 2. Nf3 d6 3. d4 cxd4 4. Nxd4 Nf6 5. Nc3 e6 6. g4 e5 7. Nf5 h5 8. Bb5+
Nc6 9. Bg5 a6 10. Bxf6 Qxf6 11. Nd5 Qd8 12. Be2 g6 13. Nfe3 hxg4 14. Bxg4 Nd4
15. c3 Ne6 16. a4 Bd7 17. a5 Bb5 18. Nb6 Nf4 19. c4 Bc6 20. Ned5 Bxd5 21. cxd5
Rb8 22. Ra3 Bg7 23. Qa4+ Ke7 24. Rc3 Rh4 25. Qd1 Ng2+ 26. Kf1 Nf4 27. h3 Rh8
28. Qc2 Bh6 29. Rc7+ Kf6 30. Nd7+ Kg7 31. Nxb8 Qxb8 32. h4 Qa7 33. h5 Qd4 34.
hxg6 Kxg6 35. Bf5+ Kf6 36. Rd7 Qb4 37. Qc3 Qb5+ 38. Kg1 Ne2+ 39. Kg2 Nxc3 40.
Rxd6+ Kg7 41. bxc3 Qxa5 42. Rh3 Bf4 43. Rxh8 Kxh8 44. Rd7 b5 45. Rxf7 Qxc3 46.
d6 Bg5 47. d7 Qd3 48. f3 b4 49. Be6 b3 50. Rf8+ Kg7 51. Rg8+ Kh6 52. Rh8+ Kg7
53. Rg8+ Kh7 54. Bxb3 Qxd7 0-1

[Event ""]
[Site "DM2013"]
[Round "1"]
[White "Malik Lindholdt"]
[Black "Frands Winther Lavrsen"]
[Result "1-0"]
[Date "01.04.2013"]
[WhiteElo "2013"]
[BlackElo "1902"]
[Input "DGT1179"]
[Board "game_6"]

1. e4 Nc6 2. d4 d5 3. exd5 Qxd5 4. Nf3 Bg4 5. Nc3 Qh5 6. Bb5 O-O-O 7. Bxc6 bxc6
8. Qd3 Bxf3 9. gxf3 Qg6 10. Qa6+ Kb8 11. Be3 c5 12. Qb5+ Ka8 13. Qxc5 Qb6 14.
d5 Nf6 15. Qc4 Qb7 16. O-O-O e6 17. dxe6 Rb8 18. b3 Ba3+ 19. Kb1 fxe6 20. Qxe6
Bb4 21. Nd5 Rhe8 22. Qf5 Qc6 23. Nxf6 gxf6 24. Qd5 Re6 25. Qxc6+ Rxc6 26. Rd7
h5 27. Bf4 Ba5 28. Rhd1 Rb4 29. Bd2 Rb5 30. Bxa5 Rxa5 31. R1d5 Rcc5 32. c4 Kb7
33. b4 Rxd5 34. Rxd5 Ra3 35. Rf5 Rc3 36. Rf4 Rd3 37. Kc2 Ra3 38. Kb2 Rd3 39.
Kc2 Ra3 40. Kb2 Rd3 41. h4 Rd2+ 42. Kb3 Rxf2 43. Rxf6 Rh2 44. Rf4 Kb6 45. a4
Rh1 46. c5+ Kc6 47. Kc4 a6 48. b5+ Kb7 49. bxa6+ Kxa6 50. Kd5 Kb7 51. Rb4+ Ka6
52. Kc6 Rc1 53. f4 Ka5 54. Re4 Rh1 55. f5 Rf1 56. Kxc7 Rxf5 57. Kd6 Rf6+ 58.
Ke5 Rf8 59. Rc4 Re8+ 60. Kf6 Rg8 61. c6 Kb6 62. c7 1-0

[Event ""]
[Site "DM2013"]
[Round "1"]
[White "Carsten Pedersen"]
[Black "Frode Benedikt Nielsen"]
[Result "0-1"]
[Date "01.04.2013"]
[WhiteElo "1852"]
[BlackElo "2042"]
[Input "DGT1182"]
[Board "game_7"]

1. d4 Nf6 2. c4 c5 3. dxc5 e5 4. Nc3 Bxc5 5. e3 O-O 6. a3 a5 7. Be2 b6 8. Bf3
Nc6 9. Nge2 Ba6 10. b3 Re8 11. Ng3 Qe7 12. Qc2 Rad8 13. Bb2 g6 14. Nd5 Nxd5 15.
Bxd5 Qh4 16. Qe4 Qxe4 17. Nxe4 Kg7 18. Nxc5 bxc5 19. Bxc6 dxc6 20. Bc3 Rd3 21.
Rc1 f6 22. Ke2 e4 23. f3 a4 24. fxe4 Rd7 25. Rhf1 Re6 26. Kf3 axb3 27. Bb2 Rd2
28. Rf2 Rxf2+ 29. Kxf2 Rxe4 30. Rc3 Bxc4 31. g3 Kf7 32. Ke1 Bd5 33. Kd2 c4 34.
Rc1 Re6 35. Bd4 h5 36. a4 Ke7 37. Bc5+ Kd7 38. Kc3 Kc7 39. a5 Be4 40. Bd4 Bd3
41. a6 c5 42. Bxc5 Rxa6 0-1

[Event "Live2"]
[Site "Helsingor"]
[Date "2013.03.24"]
[Round "2"]
[White "Bolding Pedersen, Henrik"]
[Black "Lindholdt, Malik"]
[Result "0-1"]
[WhiteElo "2136"]
[BlackElo "2013"]

1.e4 c5 2.c3 Nf6 3.e5 Nd5 4.Nf3 Nc6 5.Bc4 Nb6 6.Bb3 d5 7.exd6 Qxd6 8.O-O 
c4 9.Bc2 Bg4 10.Qe2 Qe6 11.Qxe6 Bxe6 12.b3 Bd5 13.Ng5 h6 14.Ne4 O-O-O 15.
Na3 e5 16.Re1 f5 17.Ng3 g6 18.Nf1 Bf7 19.Bb2 Bg7 20.Rad1 Na5 21.b4 Nc6 22.
Nb1 e4 23.Bc1 Ne5 24.a4 Nd5 25.Na3 a6 26.b5 a5 27.Ng3 Rd7 28.h4 h5 29.Nxe4
fxe4 30.Rxe4 Nb6 31.f4 Nd3 32.Rf1 Nxc1 33.Rxc1 Rxd2 34.Re7 Rd7 35.Rxd7 
Kxd7 36.Be4 Kc7 37.f5 Re8 38.fxg6 Rxe4 39.gxf7 Rf4 40.Re1 Rxf7 41.Re4 Kd6 
42.Nxc4+ Nxc4 43.Rxc4 Rc7 44.Rf4 Bxc3 45.Rf5 Rc5 46.Rf7 b6 47.Rh7 Rf5 48.
Kh2 Kc5 49.Kh3 Kb4 50.g4 Rf3+ 51.Kg2 hxg4 52.Re7 Kxa4 53.Re4+ Kxb5 54.Rxg4
Rf5 0-1

[Event "Live2"]
[Site "Helsingor"]
[Date "2013.03.24"]
[Round "2"]
[White "Nilsson, Lars"]
[Black "Nielsen, Frode Benedikt"]
[Result "1/2-1/2"]
[WhiteElo "2023"]
[BlackElo "2042"]

1.e4 e5 2.Nf3 Nc6 3.d4 exd4 4.Nxd4 Bc5 5.Be3 Bxd4 6.Bxd4 Nxd4 7.Qxd4 Qf6 
8.e5 Qb6 9.Qxb6 axb6 10.Nd2 f6 11.exf6 Nxf6 12.Bd3 O-O 13.O-O d6 14.a3 Bd7
15.Rfe1 Rae8 16.f3 Bc6 17.Nb3 g6 18.Nd4 Bd7 19.Bb5 c6 20.Ba4 b5 21.Bb3+ d5
22.a4 bxa4 23.Bxa4 b5 24.Bb3 c5 25.Ne2 c4 26.Ba2 Ra8 27.Nc3 b4 28.Nxd5 
Nxd5 29.Bxc4 Bc6 30.Rad1 Ra5 31.Re6 Ba8 32.Rd6 Kg7 33.Bxd5 Bxd5 34.R6xd5 
Ra2 35.Rb1 Rc8 36.Rd2 Kf6 37.Kf1 Ra5 38.Re1 Ra2 39.b3 Rcxc2 40.Rxc2 Rxc2 
41.Re4 h5 42.h4 g5 43.Kg1 gxh4 44.Rxh4 Rb2 45.Rxb4 Kf5 46.Kh2 Kf6 47.Kh3 
Rb1 48.Kh4 Rh1+ 49.Kg3 Kg5 50.Rb5+ Kg6 51.b4 Rg1 52.f4 Rb1 53.Rg5+ Kh6 54.
b5 Rb4 55.Rc5 Kg6 56.Kf3 Kh6 57.Rc6+ Kg7 58.b6 Kf7 59.Rc7+ Ke6 60.b7 Rb3+ 
61.Ke4 Rb4+ 62.Kd3 Kd6 63.Kc3 Rb1 64.Rh7 h4 65.Kd4 Ke6 66.Ke4 Rb3 67.Rh6+ 
Kf7 68.Rxh4 Kg7 69.Rh3 Rxb7 70.Re3 Re7+ 71.Kf3 Ra7 72.g4 Kf6 73.Rc3 Ra6 
74.g5+ Kf5 75.Rc5+ Ke6 76.Kg4 Ra1 77.Re5+ Kf7 78.Kf5 Rb1 79.Ra5 Rb7 80.g6+
Kf8 81.Ra6 Kg7 82.Kg5 Rb1 83.Ra7+ Kf8 84.f5 Rb5 85.g7+ Kg8 86.Kg6 Ra5 87.
Rf7 Rxf5 88.Rf6 Rf1 89.Rxf1 1/2-1/2

[Event "Live2"]
[Site "Helsingor"]
[Date "2013.03.24"]
[Round "2"]
[White "Sigeman, Johan"]
[Black "Grau, Peter"]
[Result "1/2-1/2"]
[WhiteElo "2161"]
[BlackElo "2074"]

1.c4 e5 2.Nc3 Nf6 3.Nf3 Nc6 4.e3 Bb4 5.Nd5 Bc5 6.d4 exd4 7.exd4 Nxd5 8.
cxd5 Bb4+ 9.Bd2 Qe7+ 10.Be2 Nd8 11.O-O O-O 12.Bg5 Qe4 13.a3 Bd6 14.Bc4 f6 
15.Re1 Qg4 16.Bh4 Nf7 17.Qd3 Qh5 18.Bb3 b6 19.Bg3 Bb7 1/2-1/2

[Event "Live2"]
[Site "Helsingor"]
[Date "2013.03.24"]
[Round "2"]
[White "Christensen, Anders"]
[Black "Rosenkilde Pedersen, Martin"]
[Result "1/2-1/2"]
[WhiteElo "1962"]
[BlackElo "2173"]

1.Nf3 f5 2.d4 Nf6 3.c4 g6 4.Nc3 d6 5.g3 Bg7 6.Bg2 O-O 7.O-O Qe8 8.Re1 Qf7 
9.b3 Ne4 10.Bb2 Nc6 11.Rf1 Nxc3 12.Bxc3 h6 13.e3 e5 14.dxe5 dxe5 15.Qc2 e4
16.Nd2 Ne5 17.Bxe5 Bxe5 18.Rad1 Qe7 19.Rfe1 g5 20.f3 exf3 21.Nxf3 Bg7 22.
Kh1 Bd7 23.Nd4 c6 24.Re2 Rad8 25.Rf1 Qc5 26.Nf3 Bc8 27.Rd1 Rxd1+ 28.Qxd1 
Re8 29.Qd2 Qe7 30.Re1 Rd8 31.Qc2 Qb4 32.Rd1 Qe7 33.Re1 Qb4 34.Rd1 Rxd1+ 
35.Qxd1 Qe7 36.Qd2 Qd7 37.Qxd7 Bxd7 38.Kg1 c5 39.Kf2 Kf7 40.Ke2 Bc6 41.Ne1
Be4 42.Bxe4 fxe4 43.g4 Ke6 44.h3 Kd6 45.Nc2 Bb2 46.Kd2 1/2-1/2

[Event "Live2"]
[Site "Helsingor"]
[Date "2013.03.24"]
[Round "2"]
[White "Endrup Jacobsen, Hans"]
[Black "Murtuzov, Rauf"]
[Result "1/2-1/2"]
[WhiteElo "1930"]
[BlackElo "1923"]

1.e4 c6 2.d4 d5 3.Nc3 b5 4.Bd3 b4 5.Nce2 dxe4 6.Bxe4 Nf6 7.Bf3 Bg4 8.Be3 
Bxf3 9.Nxf3 Nd5 10.O-O e6 11.c4 bxc3 12.bxc3 Be7 13.c4 Nxe3 14.fxe3 O-O 
15.Qa4 c5 16.Rab1 Nd7 17.Rfd1 Nb6 18.Qc2 cxd4 19.exd4 Qc7 20.c5 Nd5 21.Rd3
Rab8 22.Rdb3 Rxb3 23.Rxb3 Qa5 24.Qd2 Qxd2 25.Nxd2 e5 26.Ne4 f5 27.Nd6 Bxd6
28.cxd6 e4 29.Rb5 Nb6 30.Ra5 Rf7 31.d7 Nxd7 32.Rxa7 Nb6 33.Rxf7 Kxf7 34.
Nc3 Nc4 35.Kf2 Ke6 36.h4 Nb6 37.g3 Nd5 38.Ne2 g6 39.a4 h6 40.a5 Nb4 41.Ke3
g5 42.hxg5 hxg5 43.Kd2 Kd5 44.Kc3 Na6 45.Kb3 e3 46.Kc3 Ke4 47.Kc4 f4 48.
gxf4 gxf4 49.d5 f3 50.Ng3+ Kf4 51.Nh5+ Ke5 52.Kd3 e2 53.Kd2 Nc5 54.Ng3 
Nb3+ 55.Ke1 Nc1 56.Nxe2 fxe2 57.a6 Ke4 58.Kd2 1/2-1/2

[Event "Live2"]
[Site "Helsingor"]
[Date "2013.03.24"]
[Round "2"]
[White "Winther Lavrsen, Frands"]
[Black "Falck Damborg, Benny"]
[Result "1/2-1/2"]
[WhiteElo "1902"]
[BlackElo "1959"]

1.f4 g6 2.Nf3 d5 3.e3 Bg7 4.Be2 Nf6 5.O-O O-O 6.d3 b6 7.Ne5 Bb7 8.Nd2 c5 
9.Ndf3 Nfd7 10.Qe1 Qc7 11.Qg3 Nc6 12.Nxd7 Qxd7 13.c3 f5 14.Ng5 h6 15.Nf3 
Qd6 16.d4 a5 17.b3 cxd4 18.exd4 a4 19.b4 Nd8 20.Ne5 Kh7 21.Ba3 Rf6 22.Rad1
Qc7 23.b5 Nf7 24.c4 Nd6 25.c5 Ne4 26.Qe3 Rd8 27.Rc1 Re6 28.Rc2 bxc5 29.
dxc5 d4 30.Qd3 Bxe5 31.fxe5 Qxe5 32.c6 Bc8 33.b6 Nc3 34.Rxc3 dxc3 35.Qxd8 
Qe3+ 36.Rf2 Rxc6 37.Qe8 Qe6 38.Qxe7+ Qxe7 39.Bxe7 c2 40.Ba3 c1=Q+ 41.Bxc1 
Rxc1+ 42.Rf1 Rc2 43.Bf3 Rxa2 44.b7 Bxb7 45.Bxb7 a3 46.Bd5 Rd2 47.Bc4 Rc2 
48.Be6 Re2 49.Bc4 Rc2 50.Be6 1/2-1/2

[Event "Live2"]
[Site "Helsingor"]
[Date "2013.03.24"]
[Round "2"]
[White "Pedersen, Carsten"]
[Black "Find Kokfelt, Thomas"]
[Result "1-0"]
[WhiteElo "1852"]
[BlackElo "1843"]

1.d4 Nf6 2.c4 g6 3.Nc3 Bg7 4.e4 d6 5.Bg5 h6 6.Bh4 O-O 7.f4 c5 8.d5 Qa5 9.
Qd2 Re8 10.Nf3 Bg4 11.Be2 e6 12.O-O exd5 13.exd5 Nbd7 14.Bd3 Nh5 15.Ne4 
Qb6 16.h3 Bxf3 17.Rxf3 f5 18.Nc3 Bd4+ 19.Kh1 Ndf6 20.g4 Ne4 21.Qg2 Ng7 22.
gxf5 gxf5 23.Ne2 Kh7 24.Nxd4 cxd4 25.Rg1 Qc7 26.Qg6+ Kh8 27.Qxh6+ Kg8 28.
Bxe4 1-0

[Event "Live2"]
[Site "Helsingor"]
[Date "2013.03.24"]
[Round "3"]
[White "Lindholdt, Malik"]
[Black "Nilsson, Lars"]
[Result "1/2-1/2"]
[WhiteElo "2013"]
[BlackElo "2023"]

1.e4 c5 2.Nf3 d6 3.d4 cxd4 4.Nxd4 Nf6 5.Nc3 e6 6.Be3 Be7 7.g4 h6 8.h3 Nc6 
9.Qd2 a6 10.f4 Qc7 11.O-O-O b5 12.Nxc6 Qxc6 13.Bg2 Bb7 14.Rhg1 b4 15.e5 d5
16.exf6 bxc3 17.Qxc3 Qxc3 18.bxc3 Bxf6 19.c4 O-O-O 20.cxd5 Bxd5 21.Bxd5 
Rxd5 22.Rxd5 exd5 23.Rd1 Rd8 1/2-1/2

[Event "Live2"]
[Site "Helsingor"]
[Date "2013.03.24"]
[Round "3"]
[White "Nielsen, Frode Benedikt"]
[Black "Sigeman, Johan"]
[Result "0-1"]
[WhiteElo "2042"]
[BlackElo "2161"]

1.e4 e5 2.Nf3 Nc6 3.Nc3 Nf6 4.d4 exd4 5.Nxd4 Bb4 6.Nxc6 bxc6 7.Bd3 d5 8.
exd5 cxd5 9.O-O O-O 10.Bg5 c6 11.Qf3 Bd6 12.Rae1 Rb8 13.Nd1 h6 14.Bf4 Bg4 
15.Qg3 Bxf4 16.Qxf4 Bxd1 17.Rxd1 Rxb2 18.Qa4 Qb6 19.a3 Re8 20.Bf5 a5 21.h4
Qc5 22.Qf4 Qxa3 23.g4 Rb4 24.Qc7 Qh3 25.Qxc6 Rxg4+ 26.Bxg4 Qxg4+ 27.Kh2 
Qxh4+ 28.Kg2 Qg4+ 29.Kh1 Re5 30.Rg1 Qh3# 0-1

[Event "Live2"]
[Site "Helsingor"]
[Date "2013.03.24"]
[Round "3"]
[White "Rosenkilde Pedersen, Martin"]
[Black "Pedersen, Carsten"]
[Result "1-0"]
[WhiteElo "2173"]
[BlackElo "1852"]

1.e4 e5 2.Bc4 Nf6 3.d3 Nc6 4.Nc3 Na5 5.Qf3 Nxc4 6.dxc4 d6 7.Nge2 Bg4 8.Qg3
Qd7 9.f3 Be6 10.b3 Be7 11.O-O h6 12.Qf2 g5 13.Nd5 c6 14.Nxf6+ Bxf6 15.Bb2 
Bd8 16.c5 Bc7 17.f4 gxf4 18.Nxf4 O-O-O 19.Nxe6 fxe6 20.Qf6 Rdf8 21.Qxf8+ 
Rxf8 22.Rxf8+ Bd8 23.Raf1 Kc7 24.R1f7 Be7 25.Rh8 dxc5 26.h3 Qd1+ 27.Kh2 
Kd6 28.Rhh7 Qd2 29.c4 Qg5 30.Bc3 b5 31.Be1 h5 32.Rxe7 1-0

[Event "Live2"]
[Site "Helsingor"]
[Date "2013.03.24"]
[Round "3"]
[White "Murtuzov, Rauf"]
[Black "Bolding Pedersen, Henrik"]
[Result "1-0"]
[WhiteElo "1923"]
[BlackElo "2136"]

1.e4 c6 2.d4 d5 3.exd5 cxd5 4.c4 Nf6 5.Nc3 g6 6.Qb3 Bg7 7.cxd5 O-O 8.Be2 
Nbd7 9.Bf3 Nb6 10.Nge2 Bf5 11.O-O Bd3 12.Qd1 Ba6 13.d6 Qxd6 14.Bf4 Qd7 15.
Re1 Rac8 16.Rc1 Nfd5 17.Be5 Bh6 18.Ra1 Rfd8 19.Ne4 Nc4 20.N2c3 Nxb2 21.Qb3
Nxc3 22.Nxc3 Nc4 23.Rad1 Nd2 24.Qb2 Nxf3+ 25.gxf3 Qf5 26.d5 Qxf3 27.Ne4 
Bd3 28.Rxd3 Qxd3 29.d6 e6 30.Nf6+ Kf8 31.Qxb7 1-0

[Event "Live2"]
[Site "Helsingor"]
[Date "2013.03.24"]
[Round "3"]
[White "Grau, Peter"]
[Black "Endrup Jacobsen, Hans"]
[Result "0-1"]
[WhiteElo "2074"]
[BlackElo "1930"]

1.c4 e5 2.Nc3 Nc6 3.g3 f5 4.d3 Nf6 5.Bg2 Bb4 6.Bd2 O-O 7.Rc1 d6 8.Qc2 Nd4 
9.Qb1 c6 10.e3 Ne6 11.Nge2 Qe8 12.O-O Bxc3 13.bxc3 c5 14.f3 Rb8 15.h3 Bd7 
16.g4 fxg4 17.fxg4 Bc6 18.Ng3 Bxg2 19.Kxg2 Qc6+ 20.e4 b5 21.Nf5 Rf7 22.Rf2
h6 23.Rcf1 Kh7 24.Kh2 Rfb7 25.Nxg7 Nxg4+ 26.hxg4 Kxg7 27.Rf6 Nf4 28.Bxf4 
Kxf6 29.Bxe5+ Kxe5 30.d4+ cxd4 31.cxd4+ Kxd4 32.Qb2+ Kc5 33.Qf2+ Kb4 34.
cxb5 Qc3 35.b6 Rxb6 36.Qe2 Ka5 37.Rf5+ Rb5 38.Qf2 Rb6 39.Rf7 0-1

[Event "Live2"]
[Site "Helsingor"]
[Date "2013.03.24"]
[Round "3"]
[White "Falck Damborg, Benny"]
[Black "Christensen, Anders"]
[Result "1/2-1/2"]
[WhiteElo "1959"]
[BlackElo "1962"]

1.d4 Nf6 2.c4 g6 3.Nc3 Bg7 4.e4 d6 5.Nf3 O-O 6.Be2 Bg4 7.O-O c6 8.Be3 Nbd7
9.Qc2 Qc7 10.Rac1 Bxf3 11.Bxf3 e5 12.d5 c5 13.Nb5 1/2-1/2

[Event "Live2"]
[Site "Helsingor"]
[Date "2013.03.24"]
[Round "3"]
[White "Find Kokfelt, Thomas"]
[Black "Winther Lavrsen, Frands"]
[Result "1-0"]
[WhiteElo "1843"]
[BlackElo "1902"]

1.e4 Nc6 2.d4 d5 3.e5 f6 4.f4 Nh6 5.c3 Bf5 6.Nf3 Qd7 7.Bb5 e6 8.Nbd2 Be7 
9.b4 Ng4 10.Nb3 a6 11.Bd3 Be4 12.h3 Nh6 13.Be3 O-O 14.exf6 gxf6 15.g4 Kh8 
16.Rg1 Rg8 17.a3 Raf8 18.Qe2 Bxf3 19.Qxf3 e5 20.Qf2 e4 21.Be2 Nf7 22.O-O-O
Na7 23.Kb2 Qa4 24.Ra1 b6 25.h4 Nd6 26.f5 Nab5 27.Nd2 c5 28.Bd1 Nc4+ 29.
Nxc4 1-0

[Event "Live2"]
[Site "Helsingor"]
[Date "2013.03.25"]
[Round "4"]
[White "Endrup Jacobsen, Hans"]
[Black "Lindholdt, Malik"]
[Result "1/2-1/2"]
[WhiteElo "1930"]
[BlackElo "2013"]
[LiveChessVersion "1.4.1"]

1.e4 c5 2.Nf3 d6 3.d4 cxd4 4.Nxd4 Nf6 5.Nc3 g6 6.Be3 Bg7 7.f3 O-O 8.Qd2 
Nc6 9.O-O-O d5 10.Kb1 Nxd4 11.Bxd4 dxe4 12.Bxf6 Qxd2 13.Rxd2 Bxf6 14.Nxe4 
Bg7 15.Bc4 Bf5 16.Ng3 Rac8 17.Nxf5 gxf5 18.Bb3 Rc7 19.Rhd1 e6 20.Rd7 Rfc8 
21.Rd8+ Rxd8 22.Rxd8+ Bf8 23.a4 b6 24.c3 Kg7 25.Kc2 Be7 26.Rd3 Bf6 27.f4 
h5 28.Ba2 Kf8 29.b4 Ke7 30.c4 Rd7 31.Bb3 h4 32.Rxd7+ Kxd7 33.Kd3 Be7 34.a5
Bxb4 35.axb6 axb6 36.Ba4+ Kd6 37.Be8 Ke7 38.Bc6 Bc5 39.Ke2 Bg1 40.h3 Bh2 
41.Ke3 f6 42.Bb7 Kd7 43.Kf3 Bg3 44.Ke3 Kc7 45.Bf3 Kd6 46.Bh5 e5 47.fxe5+ 
fxe5 48.Bg6 Ke6 49.Be8 e4 50.Bg6 Kf6 51.Be8 Ke5 52.Bg6 Bf4+ 53.Ke2 Bg5 54.
Bh7 Be7 55.Bg6 Bc5 56.Bh7 f4 57.Bg8 Kd4 58.Bf7 Bb4 1/2-1/2

[Event "Live2"]
[Site "Helsingor"]
[Date "2013.03.25"]
[Round "4"]
[White "Sigeman, Johan"]
[Black "Rosenkilde Pedersen, Martin"]
[Result "1/2-1/2"]
[WhiteElo "2161"]
[BlackElo "2173"]
[LiveChessVersion "1.4.1"]

1.c4 f5 2.Nc3 Nf6 3.g3 d6 4.Bg2 g6 5.d3 Bg7 6.e4 fxe4 7.dxe4 c5 8.Nge2 O-O
9.O-O Nc6 10.b3 e5 11.Bg5 Be6 12.Nd5 Qd7 13.Qd2 Rf7 14.Rad1 Nd4 15.Nxd4 
cxd4 16.f3 Kh8 17.Bxf6 Bxf6 18.Nxf6 Rxf6 19.Qg5 Kg7 20.Qd2 h6 21.Rc1 b6 
22.Qd3 1/2-1/2

[Event "Live2"]
[Site "Helsingor"]
[Date "2013.03.25"]
[Round "4"]
[White "Nilsson, Lars"]
[Black "Murtuzov, Rauf"]
[Result "0-1"]
[WhiteElo "2023"]
[BlackElo "1923"]
[LiveChessVersion "1.4.1"]

1.e4 c6 2.d4 d5 3.Nc3 dxe4 4.Nxe4 Nf6 5.Nxf6+ gxf6 6.c3 Bf5 7.Ne2 Nd7 8.
Ng3 Bg6 9.h4 h5 10.Be2 Qa5 11.O-O O-O-O 12.b4 Qc7 13.Be3 Nb6 14.Qb3 Nd5 
15.Bd2 e5 16.Rfd1 e4 17.Nf1 f5 18.c4 Nf4 19.Bxf4 Qxf4 20.c5 Qc7 21.b5 f4 
22.bxc6 Qxc6 23.d5 Qf6 24.Rab1 Rd7 25.c6 Rc7 26.Ba6 Bd6 27.Bxb7+ Kd8 28.
Ba6 Ke7 29.Qb2 e3 30.Qxf6+ Kxf6 31.Rb2 Bc5 32.Re2 exf2+ 33.Kh1 Rd8 34.Bb5 
Bf5 35.Nh2 Bg4 36.Nxg4+ hxg4 37.Rc2 g3 38.Rc4 Be3 0-1

[Event "Live2"]
[Site "Helsingor"]
[Date "2013.03.25"]
[Round "4"]
[White "Christensen, Anders"]
[Black "Nielsen, Frode Benedikt"]
[Result "1/2-1/2"]
[WhiteElo "1962"]
[BlackElo "2042"]
[LiveChessVersion "1.4.1"]

1.e4 e5 2.Nf3 Nc6 3.Bb5 a6 4.Ba4 Nf6 5.d3 Bc5 6.O-O d6 7.h3 O-O 8.c3 b5 9.
Bb3 h6 10.a3 Qe7 11.Re1 Nh7 12.d4 Bb6 13.a4 Bb7 14.Bc2 Ng5 15.Bxg5 hxg5 
16.Qd3 bxa4 17.Rxa4 Nb8 18.Nbd2 Bc8 19.Raa1 g4 20.hxg4 Bxg4 21.Nh2 Bd7 22.
Bb3 Qf6 23.Ndf3 exd4 24.cxd4 Nc6 25.Rad1 Qg6 26.Qd2 Ba5 27.Qg5 Qxg5 28.
Nxg5 Bxe1 29.Rxe1 Nxd4 30.Bc4 Ne6 31.Nhf3 Nxg5 32.Nxg5 Bb5 33.Ba2 Rae8 34.
f4 Re7 35.Kf2 g6 36.g4 Kg7 37.Kg3 Bd7 38.Rh1 Be6 39.Bxe6 Rxe6 40.Nxe6+ 
fxe6 41.Ra1 Ra8 42.b4 Kf6 43.Ra5 Rb8 44.Rxa6 Rxb4 45.Rc6 Rb7 46.g5+ Ke7 
47.Kg4 Kd7 48.Rc4 d5 49.exd5 exd5 50.Rd4 Kd6 51.f5 Ke5 52.Rf4 gxf5+ 53.
Rxf5+ Ke6 54.Rf6+ Ke5 55.Rf5+ Ke4 56.Rf7 Ke5 57.g6 Rb4+ 58.Kg5 1/2-1/2

[Event "Live2"]
[Site "Helsingor"]
[Date "2013.03.25"]
[Round "4"]
[White "Bolding Pedersen, Henrik"]
[Black "Find Kokfelt, Thomas"]
[Result "1-0"]
[WhiteElo "2136"]
[BlackElo "1843"]
[LiveChessVersion "1.4.1"]

1.e4 c5 2.c3 Nf6 3.e5 Nd5 4.d4 cxd4 5.Nf3 Nc6 6.Bc4 Nb6 7.Bb3 d6 8.exd6 
Qxd6 9.O-O Be6 10.Na3 Bxb3 11.Qxb3 Qd5 12.Nb5 Qxb3 13.axb3 Kd7 14.Nbxd4 f6
15.Nxc6 bxc6 16.Be3 Kc7 17.Rfd1 e5 18.Bxb6+ Kxb6 19.Rd7 Rg8 20.Nd2 a5 21.
Nc4+ Kb5 22.Rb7+ Kc5 23.Rd1 1-0

[Event "Live2"]
[Site "Helsingor"]
[Date "2013.03.25"]
[Round "4"]
[White "Falck Damborg, Benny"]
[Black "Grau, Peter"]
[Result "1/2-1/2"]
[WhiteElo "1959"]
[BlackElo "2074"]
[LiveChessVersion "1.4.1"]

1.d4 d5 2.Nf3 Nf6 3.c4 dxc4 4.e3 e6 5.Bxc4 c5 6.O-O a6 7.dxc5 Qxd1 8.Rxd1 
Bxc5 9.a3 b5 10.Be2 O-O 11.b4 Be7 12.Bb2 Nc6 13.Nbd2 Bb7 14.Rac1 Rfd8 15.
Nb3 Rxd1+ 16.Rxd1 Rd8 17.Rxd8+ Bxd8 18.Nc5 Bc8 19.Ne5 Nxe5 20.Bxe5 Nd7 21.
Nxd7 Bxd7 22.Bf3 a5 23.Bc3 axb4 24.Bxb4 f6 25.Kf1 Kf7 26.Ke2 Bc7 27.h3 f5 
28.e4 Bc6 29.Kd3 Bb6 30.exf5 Bxf3 31.fxe6+ Kxe6 32.gxf3 Bxf2 1/2-1/2

[Event "Live2"]
[Site "Helsingor"]
[Date "2013.03.25"]
[Round "4"]
[White "Winther Lavrsen, Frands"]
[Black "Pedersen, Carsten"]
[Result "1/2-1/2"]
[WhiteElo "1902"]
[BlackElo "1852"]
[LiveChessVersion "1.4.1"]

1.Nf3 d5 2.g3 c5 3.Bg2 Nc6 4.d4 cxd4 5.Nxd4 e6 6.O-O Bc5 7.Nb3 Bb6 8.Nc3 
Nf6 9.a4 O-O 10.Bg5 h6 11.Bxf6 Qxf6 12.a5 Bd4 13.Nxd4 Nxd4 14.e4 dxe4 15.
Nxe4 Qd8 16.c3 Nc6 17.b4 Qc7 18.Qd6 Qxd6 19.Nxd6 Rb8 20.b5 Nd8 21.c4 e5 
22.Rfe1 f6 23.Bd5+ Be6 24.Bxe6+ Nxe6 25.f4 Nd4 26.Red1 Rfd8 27.fxe5 fxe5 
28.c5 b6 29.axb6 axb6 30.Nc4 bxc5 31.b6 e4 32.Rdb1 Re8 33.Ne3 Nc6 34.Rb5 
Re5 35.Rc1 Nd4 36.Rcxc5 Rxc5 37.Rxc5 Rxb6 38.Rc8+ Kf7 39.Rc7+ Kg6 40.Ng4 
Nf3+ 41.Kf2 h5 42.Ne3 Rb2+ 43.Kf1 Nxh2+ 44.Ke1 Nf3+ 45.Kf1 h4 46.gxh4 Nxh4
47.Re7 Nf5 48.Nxf5 Kxf5 49.Rxg7 Kf4 50.Rf7+ Ke3 51.Re7 Rb1+ 52.Kg2 Rd1 53.
Re8 Rd4 54.Kf1 Rd5 55.Ke1 Kd3 56.Kf2 Rf5+ 57.Ke1 e3 58.Rd8+ Ke4 59.Re8+ 
Kf3 60.Re7 Rf4 61.Re8 Rh4 62.Rf8+ Rf4 63.Re8 1/2-1/2

[Event "Live2"]
[Site "Helsingor"]
[Date "2013.03.25"]
[Round "5"]
[White "Lindholdt, Malik"]
[Black "Murtuzov, Rauf"]
[Result "1-0"]
[WhiteElo "2013"]
[BlackElo "1923"]

1.e4 c6 2.d4 d5 3.exd5 cxd5 4.c4 Nf6 5.Nc3 g6 6.Qb3 Bg7 7.cxd5 O-O 8.Bd3 
Nbd7 9.d6 exd6 10.Nge2 Nb6 11.O-O Be6 12.Qc2 Rc8 13.Nf4 Bc4 14.Re1 Nfd7 
15.Be3 Bxd3 16.Qxd3 Nc4 17.b3 Nxe3 18.fxe3 Nb6 19.Nfd5 Re8 20.e4 a6 21.
Rad1 Nxd5 22.Nxd5 Qa5 23.Re2 Qb5 24.Qf3 f5 25.a4 Qc6 26.Kf1 fxe4 27.Rxe4 
Kh8 28.Ne7 Qd7 29.Nxc8 Rxc8 30.Kg1 d5 31.Re2 Rf8 32.Qe3 b5 33.Qe6 Qb7 34.
Rf2 Rd8 35.Rf7 Qa8 36.a5 Re8 37.Qd7 Rg8 38.g3 Qe8 39.Qxe8 Rxe8 40.Ra7 Bf8 
41.Kf2 Re6 42.Re1 Rxe1 43.Kxe1 Bb4+ 44.Ke2 Bxa5 45.Rxa6 Bc3 46.Kd3 b4 47.
Rd6 Kg7 48.Rxd5 Kf6 49.Re5 h5 50.Re2 Kg5 51.d5 Kg4 52.d6 Bf6 53.Kc4 Kh3 
54.Kxb4 Bd4 55.d7 Bb6 56.Kb5 Bc7 57.Kc6 Ba5 58.b4 Bd8 59.b5 1-0